[Event "Wch U16 Girls"]
[Site "Montesilvano"]
[Date "2023.11.17"]
[Round "5"]
[White "Tokarz, Izabela"]
[Black "Hayrapetyan, Nvard"]
[Result "1-0"]
[WhiteElo "1931"]
[BlackElo "1462"]
[PlyCount "85"]
[EventDate "2023.11.13"]
[EventType "swiss"]
[EventRounds "11"]
[EventCountry "ITA"]
[SourceTitle "CB48_2023"]
[SourceDate "2023.11.29"]
[SourceVersion "1"]
[SourceVersionDate "2023.11.29"]
[SourceQuality "1"]

1. d4 Nf6 2. c4 e6 3. Nf3 d5 4. Nc3 c5 5. cxd5 cxd4 6. Qa4+ Bd7 7. Qxd4 exd5 8. Nxd5 Qa5+ 9. Nc3 Nc6 10. Qd1 Ne4 11. Bd2 Nxd2 12. Nxd2 Bb4 13. Rc1 0-0-0 14. a3 Bxc3 15. Rxc3 Bf5 16. e3 Kb8 17. Be2 h5 18. Qb3 Be6 19. Qb5 Qc7 20. Bf3 a6 21. Qe2 Qb6 22. Nc4 Qb5 23. 0-0 Bxc4 24. Rxc4 Ne5 25. Rc2 Qb3 26. Rfc1 Rd7 27. h3 g5 28. Rc3 Qe6 29. Bxh5 f5 30. e4 f4 31. Bg4 Nxg4 32. Qxg4 Qxg4 33. hxg4 Rd2 34. R3c2 Rhd8 35. f3 R8d3 36. Rxd2 Rxd2 37. b4 Ra2 38. Rc3 Ra1+ 39. Kh2 b6 40. g3 Ra2+ 41. Kh3 Re2 42. gxf4 gxf4 43. g5 1-0

[Event "Wch U16 Girls blitz"]
[Site "Batumi"]
[Date "2023.06.11"]
[Round "8"]
[White "Aslibekyan, Narine"]
[Black "Hayrapetyan, Nvard"]
[Result "1-0"]
[WhiteElo "1448"]
[BlackElo "1624"]
[PlyCount "79"]
[EventDate "2023.06.10"]
[EventType "swiss (blitz)"]
[EventRounds "11"]
[EventCountry "GEO"]
[SourceTitle "EXT 2024"]
[Source "ChessBase"]
[SourceDate "2023.10.10"]
[SourceVersion "1"]
[SourceVersionDate "2023.10.10"]
[SourceQuality "1"]
[WhiteTeam "Armenia"]
[BlackTeam "Armenia"]
[WhiteTeamCountry "ARM"]
[BlackTeamCountry "ARM"]

1. d4 Nf6 2. c4 e6 3. Nc3 Bb4 4. Qc2 0-0 5. a3 Bxc3+ 6. Qxc3 b6 7. Bg5 Bb7 8. e3 d6 9. f3 Nbd7 10. Bd3 h6 11. Bh4 Rc8 12. Ne2 c5 13. 0-0 d5 14. cxd5 exd5 15. Rac1 Qe8 16. Qd2 c4 17. Bf5 Rc6 18. Nc3 Nb8 19. Bg3 Na6 20. Nb5 Qa8 21. e4 Bc8 22. Bxc8 Rfxc8 23. e5 Ne8 24. f4 Nb8 25. f5 a6 26. Nc3 Nd7 27. Nxd5 Kf8 28. Qb4+ Nc5 29. dxc5 bxc5 30. Qxc4 Rd8 31. Rcd1 a5 32. e6 Nd6 33. Bxd6+ Rdxd6 34. e7+ Ke8 35. Nc7+ Rxc7 36. Rxd6 Rxe7 37. Rfd1 Re5 38. Rd7 Re7 39. Qb5 Qe4 40. Rd8# 1-0

[Event "Wch U16 Girls rapid"]
[Site "Batumi"]
[Date "2023.06.06"]
[Round "2"]
[White "Hayrapetyan, Nvard"]
[Black "Shvedova, Alexandra"]
[Result "0-1"]
[WhiteElo "1598"]
[BlackElo "2005"]
[PlyCount "122"]
[EventDate "2023.06.06"]
[EventType "swiss (rapid)"]
[EventRounds "11"]
[EventCountry "GEO"]
[SourceTitle "EXT 2024"]
[Source "ChessBase"]
[SourceDate "2023.10.10"]
[SourceVersion "1"]
[SourceVersionDate "2023.10.10"]
[SourceQuality "1"]
[WhiteTeam "Armenia"]
[BlackTeam "FIDE"]
[WhiteTeamCountry "ARM"]

1. d4 Nf6 2. c4 e6 3. Nf3 d5 4. Nc3 dxc4 5. e3 a6 6. a4 c5 7. Bxc4 Nc6 8. 0-0 Be7 9. d5 exd5 10. Nxd5 Nxd5 11. Bxd5 Qc7 12. h3 Nb4 13. Bc4 Bf5 14. Qb3 0-0 15. Bd2 Bc2 16. Qa3 Be4 17. Ne1 b5 18. Be2 Rfd8 19. Bc3 Qb7 20. Rc1 Nc6 21. Qa2 b4 22. Bc4 Bf8 23. f3 Bf5 24. e4 Bc8 25. Bd5 bxc3 26. bxc3 Qc7 27. Nd3 Bb7 28. Rfd1 Na5 29. Nf2 c4 30. Bxb7 Qxb7 31. Rb1 Nb3 32. Qe2 Qc6 33. Ng4 Qxa4 34. Ne3 Bc5 35. Kh1 Bxe3 36. Qxe3 Rxd1+ 37. Rxd1 Qc6 38. Rd5 Re8 39. Qa7 h6 40. Rf5 Qe6 41. Rd5 a5 42. Qc7 Qc8 43. Qb6 a4 44. Qa7 Qc6 45. Rf5 Rf8 46. Rd5 Ra8 47. Qe7 a3 48. Rd7 Qe6 49. Rd8+ Rxd8 50. Qxd8+ Kh7 51. Qa8 Qd6 52. Qa4 Nd2 53. e5 Qxe5 54. Qc2+ g6 55. Qxd2 Qb5 56. Qe2 Qb1+ 57. Kh2 a2 58. Qxc4 Qb8+ 59. f4 Qa7 60. f5 a1Q 61. fxg6+ fxg6 0-1

[Event "ARM-ch (Women) 78th"]
[Site "Yerevan"]
[Date "2023.01.19"]
[Round "7"]
[White "Hayrapetyan, Nvard"]
[Black "Gaboyan, Susanna"]
[Result "0-1"]
[WhiteElo "1543"]
[BlackElo "2158"]
[PlyCount "90"]
[EventDate "2023.01.13"]
[EventType "tourn"]
[EventRounds "9"]
[EventCountry "ARM"]
[SourceTitle "CBM 212 Extra"]
[Source "ChessBase"]
[SourceDate "2023.03.31"]
[SourceVersion "1"]
[SourceVersionDate "2023.03.31"]
[SourceQuality "1"]

1. d4 Nf6 2. c4 g6 3. Nc3 d5 4. cxd5 Nxd5 5. e4 Nxc3 6. bxc3 Bg7 7. Bc4 c5 8. Ne2 Nc6 9. Be3 0-0 10. 0-0 Qc7 11. Rc1 Rd8 12. Bf4 e5 13. Bg5 Rf8 14. d5 Na5 15. Bd3 c4 16. Bb1 b5 17. Qd2 Nb7 18. Ng3 Nd6 19. Bh6 f6 20. Bxg7 Kxg7 21. f4 Qe7 22. Rce1 a5 23. h4 Bd7 24. h5 Rab8 25. hxg6 hxg6 26. f5 g5 27. Rf3 b4 28. Nf1 Nb5 29. cxb4 axb4 30. Ne3 Qc5 31. Rh3 Rh8 32. Qe2 Na3 33. Rc1 Nxb1 34. Rxb1 Rxh3 35. gxh3 Qd4 36. Kf2 Qxe4 37. Qxc4 Qxb1 38. Qc7 Qxa2+ 39. Kg3 Rf8 40. Qxd7+ Rf7 41. Qb5 Qd2 42. Nc4 Qd3+ 43. Kg2 Rc7 44. Qe8 Qxd5+ 45. Kh2 Qf7 0-1

[Event "Motiva Online Blitz (Women)"]
[Site "Chess.com INT"]
[Date "2021.12.18"]
[Round "3"]
[White "Minina, Veronika"]
[Black "Hayrapetyan, Nvard"]
[Result "1-0"]
[WhiteElo "2057"]
[BlackElo "1403"]
[PlyCount "105"]
[EventDate "2021.12.18"]
[EventType "swiss (blitz)"]
[EventRounds "13"]
[EventCountry "USA"]
[SourceTitle "CBM 205 Extra"]
[Source "ChessBase"]
[SourceDate "2022.01.31"]
[SourceVersion "1"]
[SourceVersionDate "2022.01.31"]
[SourceQuality "1"]

1. Nf3 d5 2. g3 Nf6 3. Bg2 Bg4 4. c4 c6 5. cxd5 Nxd5 6. 0-0 g6 7. Ne5 Be6 8. Nc3 Bg7 9. d4 0-0 10. e3 Nd7 11. Nd3 f5 12. Bd2 N7f6 13. Na4 b6 14. Rc1 Rc8 15. Ne5 Qe8 16. b3 Ng4 17. e4 Ndf6 18. exf5 gxf5 19. Nxc6 Rc7 20. Bf4 Qh5 21. h3 Rd7 22. hxg4 Nxg4 23. Re1 Qh2+ 24. Kf1 Bd5 25. f3 Nf6 26. Rxe7 Rxe7 27. Nxe7+ Kf7 28. Nxd5 Nxd5 29. Qe2 Bxd4 30. Ke1 Qg1+ 31. Kd2 Qh2 32. Rh1 Re8 33. Qxe8+ Kxe8 34. Rxh2 Nxf4 35. gxf4 Bg1 36. Rxh7 Bd4 37. Kd3 Bf6 38. Nc3 Kf8 39. Nd5 Bb2 40. Rxa7 Bg7 41. Ra8+ Kf7 42. Kc4 Kg6 43. Nxb6 Kf7 44. Nd5 Bf6 45. Ra7+ Be7 46. Rxe7+ Kg6 47. b4 Kh5 48. b5 Kh4 49. b6 Kg3 50. b7 Kh4 51. b8Q Kh5 52. Qg8 Kh4 53. Rh7# 1-0